000 004350000a22001690004500
003 LK-CoMWRAF
008 230817t ||||| |||| 00| 0 eng d
040 _aLK-CoMWRAF
_dLK-CoMWRAF
_eLK-CoMWRAF
041 _aeng
082 _a150
_bBAN
100 _aBannah(rah), Al Imaam Shaheed Hasanul
245 _aIslamia atheethavil Allah
_b
260 _aKattankudy
_bIqra publishers
_c1992
300 _ap.64
650 _aislam
942 _cBK
999 _c2838
_d2838